000
00297nam a2200121Ia 4500
008
190216s9999||||xx |||||||||||||| ||und||
100
_a
Nakarni And Ramesh Bat S
245
0
_a
Pulse Transformers
260
_b
Tata Mcgrawhill Publishers
_c
1985
300
_a
158p
650
_a
Physics
942
_c
BK
999
_c
33032
_d
33032